| 000 | 00543nam a2200181Ia 4500 | ||
|---|---|---|---|
| 003 | GCL | ||
| 008 | 140319s9999 xx 000 0 eng d | ||
| 020 | _a096246179 | ||
| 040 |
_aGCL / _cGCL |
||
| 082 | 0 | 4 |
_a917.3 _bB C |
| 100 | 1 | _aBROOKS, RICHARD E | |
| 245 | 1 | 0 |
_aCOUNTRY, U.S.A : _bPHOTOGRAPHED BY 102 OF AMERICA'S BEST PHOTOGRAPHERS / _cBROOKS, RICHARD E |
| 700 | 1 | _aSTRACK, CLANCY | |
| 260 |
_a[S.N] : _bSILVER IMAGE |
||
| 300 |
_a187 _bCOL. ILL ؛ _c23 \ 30 cm. |
||
| 650 | 0 | 4 | _aUNITED STATES - DESCRIPTION AND TRAVELS |
| 942 |
_2ddc _cBK |
||
| 999 |
_c4837 _d4837 |
||